KOHA-Header-6

Power Plant Engineering (Record no. 5872)

000 -LEADER
fixed length control field 00257nam a2200121Ia 4500
020 ## - INTERNATIONAL STANDARD BOOK NUMBER
ISBN 978-93-392-0404-4
100 ## - MAIN ENTRY--AUTHOR NAME
Personal name P K NAG
245 #0 - TITLE STATEMENT
Title Power Plant Engineering
250 ## - EDITION STATEMENT
Edition statement 4th
260 ## - PUBLICATION, DISTRIBUTION, ETC. (IMPRINT)
Place of publication India
Name of publisher Mc Graw Hill
Year of publication 2018
300 ## - PHYSICAL DESCRIPTION
Number of Pages 955
942 ## - ADDED ENTRY ELEMENTS (KOHA)
Koha item type Books
Holdings
Withdrawn status Lost status Collection code Permanent Location Current Location Shelving location Date acquired Full call number Accession Number Koha item type
    Electrical Engineering MAJU MAJU Shelf No.A34 2019-10-11 621.31 9281 Electrical Engineering

Powered by Koha